Автоматизация проектирования: сборник научных статей

Podrobná bibliografie
Další autoři: Трапезников В. А. Вадим Александрович (редактор)
Jazyk:ruština
Vydáno: Москва, Машиностроение, 1986-1990
Médium: MixedMaterials Kniha
KOHA link:https://koha.lib.tpu.ru/cgi-bin/koha/opac-detail.pl?biblionumber=225453

MARC

LEADER 00000nam1a2200000 4500
001 225453
005 20231031200953.0
020 |a RU  |b 90-63183 
035 |a (RuTPU)RU\TPU\book\245799 
090 |a 225453 
100 |a 20121112d1986 k y0rusy5003 ca 
101 0 |a rus 
200 1 |a Автоматизация проектирования  |e сборник научных статей  |f под общ. ред. В. А. Трапезникова 
210 |a Москва  |c Машиностроение  |d 1986-1990 
702 1 |a Трапезников  |b В. А.  |g Вадим Александрович  |4 340 
801 0 |a RU  |b RuMRKP  |c 19950417  |g psbo 
801 1 |a RU  |b 63413507  |c 20121112 
801 2 |a RU  |b 63413507  |c 20150720  |g RCR 
942 |c BK